La crónica como antídoto : Las dimensiones del ocio /

Cuarta edición del concurso de creación literaria La crónica como antídoto, promovido por el programa de fomento de la lectura Apartado Postal, del Centro Cultural Tlatelolco, que en esta ocasión tuvo como tema principal el ejercicio del ocio como derecho y libertad. Se presentan tres conferencias m...

Disgrifiad llawn

Wedi'i Gadw mewn:
Manylion Llyfryddiaeth
Awdur Corfforaethol: Concurso de Creación Literaria La Crónica como Antídoto ( Apartado Postal Tlatelolco
Awduron Eraill: Hernández, Eunice (coordinación) (coordinación), Cardona, Ricardo (presentación) (presentación), Santos, Miguel (presentación) (presentación), Tarifeño, Leonardo (prólogo) (prólogo)
Fformat: Trafodyn Cynhadledd Llyfr
Iaith:Sbaeneg
Cyhoeddwyd: México : UNAM, 2019, c2019
Cyfres:(Heterodoxos)
Pynciau:
Tagiau: Ychwanegu Tag
Dim Tagiau, Byddwch y cyntaf i dagio'r cofnod hwn!

MARC

LEADER 00000nam^a2200000^a^4500
001 000578609
005 20250521000000.0
009 20260310132512.203
020 |a 978-607-30-2048-0 
020 |a 978-607-02-4943-3 
037 |a Acervo ITESO - Biblioteca 
041 |a ESP 
082 |a 863.  |b CRA 2018 
111 |a Concurso de Creación Literaria La Crónica como Antídoto (  |n 4° :  |c Apartado Postal Tlatelolco :  |d 2018) 
240 1 4 |a [La crónica como antídoto] 
245 1 3 |a La crónica como antídoto :  |b Las dimensiones del ocio /  |c Coord. y presen. de E. Hernández ; presen. de R. Cardona, M. Santos ; pról. de L. Tarifeño. 
264 4 |a México :  |b UNAM,  |c 2019, c2019 
300 |a 154 p. 
336 |a texto  |b txt  |2 rdacontenido 
337 |a sin mediación  |b n  |2 rdamedio 
338 |a volumen  |b nc  |2 rdasoporte 
440 1 |a (Heterodoxos) 
520 |a Cuarta edición del concurso de creación literaria La crónica como antídoto, promovido por el programa de fomento de la lectura Apartado Postal, del Centro Cultural Tlatelolco, que en esta ocasión tuvo como tema principal el ejercicio del ocio como derecho y libertad. Se presentan tres conferencias magistrales acerca de la crónica por parte de quienes impartieron el taller de escritura (entre ellas, una sobre la obra del escritor mexicano Carlos Monsiváis), así como las 12 crónicas de los participantes. En ellas se refleja las vivencias del ocio en Ciudad de México, como la experiencia de haber asistido al cine porno Cinema Río, a las trajineras en los canales de Xochimilco, a un partido de fútbol en el estadio Azteca, a una competencia de boxeo en la Arena Coliseo, o simplemente el deambular por el centro histórico de CDMX. 
521 |a FIL 2023 DIA 
649 |a XX 
650 |a Escritores Mexicanos 
650 |a Estadios -  |z México (Ciudad) 
650 |a Cafeterías y Restaurantes -  |z México (Ciudad) 
650 |a Cines -  |z México (Ciudad) 
650 |a Centros Históricos -  |z México (Ciudad) 
650 |a Crónicas Mexicanas -  |x Historia y Crítica 
650 |a Crónicas Mexicanas 
650 |a Literatura Mexicana -  |y Siglo XXI 
650 |a Literatura Mexicana -  |x Historia y Crítica 
650 |a Literatura de Mujeres -  |z México 
650 |a Pornografía -  |z México (Ciudad) -  |x Aspectos Sociales y Culturales 
650 |a Boxeo -  |z México (Ciudad) -  |x Aspectos Sociales y Culturales 
650 |a Futbol -  |z México (Ciudad) -  |x Aspectos Sociales y Culturales 
650 |a Danzón -  |z México (Ciudad) -  |x Aspectos Sociales y Culturales 
650 |a Conciertos (Espectáculos) -  |z México (Ciudad) 
650 |a Espectáculos Populares -  |z México (Ciudad) 
650 |a Fiestas de Vida Cotidiana -  |z México (Ciudad) 
650 |a Ocio y Tiempo Libre -  |z México (Ciudad) -  |x Tema Principal 
650 |a Ocio y Tiempo Libre -  |z México 
650 |a Sociología Urbana 
650 |a México (Ciudad) en la Literatura 
650 |a México (Ciudad) -  |x Condiciones Sociales y Culturales 
650 |a México (Ciudad) -  |x Descripción -  |x Tema Principal 
650 |a Monsiváis, Carlos 
700 |a Hernández, Eunice  |e (coordinación) 
700 |a Cardona, Ricardo  |e (presentación) 
700 |a Santos, Miguel  |e (presentación) 
700 |a Tarifeño, Leonardo  |e (prólogo) 
910 |a Fondo General 
920 |a Impresos - Libros 
930 |a Colección General 
905 |a 101 
901 |a 0500402433  |b IT1  |c LIT  |i C183848  |u 20250521 
902 |a https://opac.biblio.iteso.mx/vufind/Record/000578609